Government Spending on Health Care and Education in Croatia : Efficiency and Reform Options /

This paper assesses the relative efficiency of government spending on health care and education in Croatia by using the so-called Data Envelopment Analysis. The analysis finds evidence of significant inefficiencies in Croatia's spending on health care and education, related to inadequate cost r...

Ausführliche Beschreibung

Bibliographische Detailangaben
1. Verfasser: Gunnarsson, Victoria
Weitere Verfasser: Jafarov, Etibar
Format: Zeitschrift
Sprache:English
Veröffentlicht: Washington, D.C. : International Monetary Fund, 2008.
Schriftenreihe:IMF Working Papers; Working Paper ; No. 2008/136
Online Zugang:Full text available on IMF
LEADER 01825cas a2200253 a 4500
001 AALejournalIMF005109
008 230101c9999 xx r poo 0 0eng d
020 |c 5.00 USD 
020 |z 9781451869958 
022 |a 1018-5941 
040 |a BD-DhAAL  |c BD-DhAAL 
100 1 |a Gunnarsson, Victoria. 
245 1 0 |a Government Spending on Health Care and Education in Croatia :   |b Efficiency and Reform Options /  |c Victoria Gunnarsson, Etibar Jafarov. 
264 1 |a Washington, D.C. :  |b International Monetary Fund,  |c 2008. 
300 |a 1 online resource (34 pages) 
490 1 |a IMF Working Papers 
500 |a <strong>Off-Campus Access:</strong> No User ID or Password Required 
500 |a <strong>On-Campus Access:</strong> No User ID or Password Required 
506 |a Electronic access restricted to authorized BRAC University faculty, staff and students 
520 3 |a This paper assesses the relative efficiency of government spending on health care and education in Croatia by using the so-called Data Envelopment Analysis. The analysis finds evidence of significant inefficiencies in Croatia's spending on health care and education, related to inadequate cost recovery, weaknesses in the financing mechanisms and institutional arrangements, weak competition in the provision of these services, and weaknesses in targeting public subsidies on health care and education. These inefficiencies suggest that government spending on health and education could be reduced without undue sacrifices in the quality of these services. The paper identifies ways to do that. 
538 |a Mode of access: Internet 
700 1 |a Jafarov, Etibar. 
830 0 |a IMF Working Papers; Working Paper ;  |v No. 2008/136 
856 4 0 |z Full text available on IMF  |u http://elibrary.imf.org/view/journals/001/2008/136/001.2008.issue-136-en.xml  |z IMF e-Library